000 00917cam a2200241 a 4500
005 20260205123632.0
008 981020s1999 dcua b 001 0 eng
020 _a0815718764
_qcloth : alk. paper
020 _a0815718756
_qpbk. : alk. paper
020 _a9780815718765
_q(cloth : alk. paper)
020 _a9780815718758
_q(pbk. : alk. paper)
040 _aKABLIB
_cKABLIB
_erda
082 0 0 _a307.14
_223
_bFER
245 0 0 _aUrban problems and community development /
_cRonald F. Ferguson and William T. Dickens, (editors).
260 _aWashington, D.C. :
_bBrookings Institution Press,
_cc1999.
300 _axii, 628 p. :
_bill. ;
_c23 cm.
504 _aIncludes bibliographical references, index.
650 0 _aCommunity development
_zUnited States.
_915266
650 0 _aUrban policy
_zUnited States.
_915234
700 1 _aFerguson, Ronald F.
_915267
700 1 _aDickens, William T.
_915268
942 _2ddc
_cBOOK
999 _c6036
_d6036